Luyện giải trắc nghiệm hóa học trung học phổ thông : Chuyên đề Ancol - Este, Anđehit - Xeton, Axitcacboxylic, Hiđrocacbon
Sách cung cấp một số lượng thật dồi dào các câu hỏi và bài tập trắc nghiệm đa dạng, tổng hợp, giúp các học sinh ôn tập sau mỗi phần.
Salvato in:
| Autore principale: | |
|---|---|
| Natura: | Libro |
| Lingua: | Undetermined |
| Pubblicazione: |
Thành phố Hồ Chí Minh
Nxb. Đại học Sư phạm Thành phố Hồ Chí Minh
2010
|
| Soggetti: | |
| Tags: |
Aggiungi Tag
Nessun Tag, puoi essere il primo ad aggiungerne! !
|
| Thư viện lưu trữ: | Trung tâm Học liệu Trường Đại học Cần Thơ |
|---|
| LEADER | 01026nam a2200229Ia 4500 | ||
|---|---|---|---|
| 001 | CTU_183939 | ||
| 008 | 210402s9999 xx 000 0 und d | ||
| 020 | |c 37000 | ||
| 082 | |a 540.76 | ||
| 082 | |b A105 | ||
| 100 | |a Ngô, Ngọc An | ||
| 245 | 0 | |a Luyện giải trắc nghiệm hóa học trung học phổ thông : | |
| 245 | 0 | |b Chuyên đề Ancol - Este, Anđehit - Xeton, Axitcacboxylic, Hiđrocacbon | |
| 245 | 0 | |c Ngô Ngọc An | |
| 260 | |a Thành phố Hồ Chí Minh | ||
| 260 | |b Nxb. Đại học Sư phạm Thành phố Hồ Chí Minh | ||
| 260 | |c 2010 | ||
| 520 | |a Sách cung cấp một số lượng thật dồi dào các câu hỏi và bài tập trắc nghiệm đa dạng, tổng hợp, giúp các học sinh ôn tập sau mỗi phần. | ||
| 650 | |a Chemistry,Hóa học | ||
| 650 | |x Study and teaching (Secondary),Dạy và học (Trung học) | ||
| 904 | |i Hải | ||
| 980 | |a Trung tâm Học liệu Trường Đại học Cần Thơ | ||